Old Wives Tale / (Record no. 2303)
[ view plain ]
| 000 -LEADER | |
|---|---|
| fixed length control field | 00376nam a2200145Ia 4500 |
| 001 - CONTROL NUMBER | |
| control field | 2310 |
| 008 - FIXED-LENGTH DATA ELEMENTS--GENERAL INFORMATION | |
| fixed length control field | 220629s ii g b000 u 465 u |
| 082 ## - DEWEY DECIMAL CLASSIFICATION NUMBER | |
| Classification number | 823 |
| 100 ## - MAIN ENTRY--PERSONAL NAME | |
| Personal name | Bennett, Arnold . |
| 245 #0 - TITLE STATEMENT | |
| Title | Old Wives Tale / |
| Statement of responsibility, etc. | Arnold Bennett. |
| Medium | Textual Documents |
| 260 ## - PUBLICATION, DISTRIBUTION, ETC. | |
| Place of publication, distribution, etc. | London : |
| Name of publisher, distributor, etc. | Hodder & Stoughton. |
| 300 ## - PHYSICAL DESCRIPTION | |
| Extent | 606p. ; |
| Dimensions | 20cm.. |
| 653 ## - INDEX TERM--UNCONTROLLED | |
| Uncontrolled term | Wives - Old |
| 942 ## - ADDED ENTRY ELEMENTS (KOHA) | |
| Source of classification or shelving scheme | Dewey Decimal Classification |
| Koha item type | Books |
| Withdrawn status | Lost status | Damaged status | Not for loan | Home library | Current library | Date acquired | Coded location qualifier | Total checkouts | Full call number | Barcode | Date last seen | Copy number | Price effective from | Koha item type |
|---|---|---|---|---|---|---|---|---|---|---|---|---|---|---|
| Dr. Suryya Kumar Bhuyan Library | Dr. Suryya Kumar Bhuyan Library | 01/02/2012 | 00000 | 823 B 439 Ol | 238.134 | 13/01/2024 | 1 | 01/02/2012 | Books |
